Statistiques concernant Clips du top 50 de l'année 2004

Cliquez ici pour prendre le quiz!

Statistiques générales

  • Ce quiz a été pris 98 fois
  • Le résultat moyen est 6 sur 8

Statistiques - réponses

Réponse% Correct
Jenifer - Ma révolution
95%
Garou et Michel Sardou - La Rivière de notre enfance
93%
Pascal Obispo et Natasha St-Pier - Mourir demain
89%
Isabelle Boulay et Johnny Hallyday - Tout au bout de nos peines
74%
K. Maro - Femme Like U
64%
Corneille - Parce qu'on vient de loin
58%
Calogero et Passi - Face à la mer
47%
Emma Daumas - Tu seras
35%

Distribution des résultats

Percentile par nombre de réponses

% des personnes avec chaque résultat

Votre développement - résultats

Vous n’avez pas pris ce quiz